| 000 | 00000nam##2200000za#4500 |
| 001 | 9.699235 |
| 003 | CaOODSP |
| 005 | 20210625000305 |
| 007 | cr ||||||||||| |
| 008 | 150407|1981||||xxc|||||o f|0| 0 eng|d |
| 040 | |aCaOODSP|beng |
| 043 | |an-cn--- |
| 086 | 1 |aA53-1282/1981E-PDF |
| 110 | 1 |aCanada.|bAgriculture Canada.|bResearch Branch. |
| 245 | 10|aGrowing cranberries / |h[electronic resource]|c[by] I.V. Hall, R.A. Murray, C.R. Blatt, C.L. Lockhart, R.W. Delbridge, G.W. Wood and C.J.S. Fox. |
| 260 | |aOttawa - Ontario : |bAgriculture Canada. |cRevised 1981. |
| 300 | |a34p.|bglossary, photographs |
| 500 | |aHistorical publication digitized by Agriculture and Agri-Food Canada. |
| 590 | |a14-11-Supp|b2014-05-21 |
| 690 | 07|aFarming|2gcpds |
| 690 | 07|aFruit crops|2gcpds |
| 775 | 08|tLa culture des canneberges / |w(CaOODSP)9.643207 |
| 856 | 40|ahttp://publications.gc.ca|qPDF|s2.6 MB|uhttps://publications.gc.ca/collections/collection_2014/aac-aafc/agrhist/A53-1282-1981-eng.pdf |
| 986 | |a1282/E |